In the Name of the Secular (Record no. 12192)

MARC details
000 -LEADER
fixed length control field 00478nam a2200181 a 4500
020 ## - INTERNATIONAL STANDARD BOOK NUMBER
ISBN 0195628
082 00 - DEWEY DECIMAL CLASSIFICATION NUMBER
Classification number 322.10954
Author Cutter BHA
100 ## - MAIN ENTRY--AUTHOR NAME
Author name Bharucha, Rustom
245 ## - TITLE STATEMENT
Title In the Name of the Secular
260 ## - PUBLICATION, DISTRIBUTION, ETC. (IMPRINT)
Place of publication Delhi
Name of publisher Oxford and IBH PUB CO.
Year of publication 1998
300 ## - PHYSICAL DESCRIPTION
Number of Pages 197p
500 ## - GENERAL NOTE
General note includes index and biblioraphy
505 2# - FORMATTED CONTENTS NOTE
Formatted contents note reference and notes
650 ## - SUBJECT ADDED ENTRY--TOPICAL TERM
Topical Term Secularism
650 ## - SUBJECT ADDED ENTRY--TOPICAL TERM
Topical Term Stage Presentation Andsecularism
942 ## - ADDED ENTRY ELEMENTS (KOHA)
Koha item type Books
700 1# -
-- Bharucha, Rustom
Holdings
Home library Current library Date acquired Cost, normal purchase price Full call number Accession Number Koha item type
Henry Martyn Institute Library Henry Martyn Institute Library 06/14/2007 395.00 322.10954 BHA 018269 Books
                   Copyright © 2026 | Henry Martyn Institute | Hyderabad | TS-500052 | INDIA | Implemented by hmi.edu.in
Hit-Count:

Powered by Koha